Números Primos - Sudden Death - Statistics

Estatísticas Gerais
  • Esse quiz foi jogado 319 vezes
  • A pontuação média é 11 de 25
Answers on the Grid
Answers color-coded by a green-red scale on the quiz's grid according to % correct below.
1
2
3
4
5
6
7
8
9
10
11
12
13
14
15
16
17
18
19
20
21
22
23
24
25
26
27
28
29
30
31
32
33
34
35
36
37
38
39
40
41
42
43
44
45
46
47
48
49
50
51
52
53
54
55
56
57
58
59
60
61
62
63
64
65
66
67
68
69
70
71
72
73
74
75
76
77
78
79
80
81
82
83
84
85
86
87
88
89
90
91
92
93
94
95
96
97
98
99
100
 
Estatísticas das Respostas
Resposta % Correto
3
88%
2
87%
7
87%
5
83%
11
77%
13
75%
17
72%
19
69%
23
65%
29
54%
31
54%
37
52%
43
38%
47
38%
41
37%
53
17%
61
14%
59
13%
67
12%
71
12%
73
10%
79
10%
83
9%
89
7%
97
7%
Nenhum quiz correspondente encontrado
Distribuição das Pontuações
Porcentagem de Pessoas com Cada Pontuação
Percentil de Números Respondidos
Sua Pontuação Histórica
Você não jogou esse quiz